| 000 | 01433nam a2200277 i 4500 | ||
|---|---|---|---|
| 001 | 768714001 | ||
| 003 | CO-MdFUSB | ||
| 005 | 20260304174448.0 | ||
| 007 | ta | ||
| 008 | 170516t2001 x ||||| |||| 00| 0 s d | ||
| 040 |
_aCO-MdFUSB _bspa _cCO-MdFUSB _dCO-MdFUSBC _erda |
||
| 041 | 0 | _aspa | |
| 082 | 0 | 4 |
_223 _a220.6 _bJ371f |
| 245 | 1 | 0 |
_a¡Fidelidad, integridad! _b : en busca del mejor texto de las Escrituras _c / editado por Luciano Jaramillo Cárdenas |
| 264 | 4 |
_aMiami, FL., USA : _bSociedad Bíblica Internacional, _c©2001 |
|
| 300 |
_a90 páginas _c; 21 cm |
||
| 336 |
_2rdacontent _atexto _btxt |
||
| 337 |
_2rdamedia _asin mediación _bn |
||
| 338 |
_2rdacarrier _avolumen _bnc |
||
| 505 | _a- Crítica textual y traducción bíblica. Luciano Jaramillo - Muchas versiones distintas, una sola palabra verdadera. Alfredo Tépox - La Biblia hebrea, su traducción e interpretación en la NVI. Esteban Voth - ¿Por qué no aparece "Jehová" ni "Yahvé" en la NVI? Edesio Sánchez - Preguntas acerca del Antiguo Testamento - ¿Qué texto griego forma la base de mi Biblia? Edesio Sánchez Cetina - La base textual y hermenéutica del Nuevo Testamento en la NVI. Moisés Silva - Preguntas acerca del Nuevo Testamento - ¿Qué Biblia debemos leer? Catalina Faser de Padilla | ||
| 563 | _aRústico | ||
| 650 | 7 |
_aHermenéutica _9418 |
|
| 700 |
_aJaramillo Cárdenas, Luciano, _912212 _eeditor |
||
| 942 | _cBK | ||
| 945 | _aJTF-925 | ||
| 999 |
_c31977 _d31977 |
||